A sanskrit-english dictionary (Record no. 167935)

MARC details
000 -LEADER
campo de control de longitud fija 00658nam a2200169 i 4500
001 - NÚMERO DE CONTROL
campo de control 167935
003 - IDENTIFICADOR DE NÚMERO DE CONTROL
campo de control ES-MaACL
005 - FECHA Y HORA DE LA ÚLTIMA TRANSACCIÓN
campo de control 20230906213628.0
008 - DATOS DE LONGITUD FIJA--INFORMACIÓN GENERAL
campo de control de longitud fija 051003s1872 xxk | |||||||| ||eng d
040 ## - FUENTE DE CATALOGACIÓN
Centro catalogador/agencia de origen CAM
Lengua de catalogación spa
Centro/agencia transcriptor CAM
100 1# - ENTRADA PRINCIPAL--NOMBRE DE PERSONA
Nombre de persona Williams, Monier.
9 (RLIN) 133935
245 12 - MENCIÓN DEL TÍTULO
Título A sanskrit-english dictionary
Resto del título : etymologically and philologically arranged with special reference to greek, latin, ... /
Mención de responsabilidad, etc. by Monier Williams.
260 ## - PUBLICACIÓN, DISTRIBUCIÓN, ETC.
Lugar de publicación, distribución, etc. Oxford :
Nombre del editor, distribuidor, etc. Macmillan and co.,
Fecha de publicación, distribución, etc. 1872 (
Fabricante Clarendon Press)
300 ## - DESCRIPCIÓN FÍSICA
Extensión XXV, [3], 1186 p. ;
Dimensiones 27 cm.
650 #4 - PUNTO DE ACCESO ADICIONAL DE MATERIA--TÉRMINO DE MATERIA
Término de materia o nombre geográfico como elemento de entrada Lengua sánscrita-
Subdivisión de forma Diccionarios-
Subdivisión general Inglés.
9 (RLIN) 162368
852 ## - LOCALIZACIÓN
Ubicación ES-MaACL
Número de control de estantería B-795
Nota libre -- Enc. pasta española
Holdings
Estatus retirado Estado de pérdida Estado de daño No para préstamo Colección Biblioteca de origen Biblioteca actual Ubicación en estantería Fecha de adquisición Fuente de adquisición Total de préstamos Signatura topográfica completa Código de barras Visto por última vez Precio de reemplazo Tipo de ítem Koha
        Libros del s. XIX Biblioteca del Ateneo de Madrid Biblioteca del Ateneo de Madrid Sala Pardo Bazán 17/01/2008     B-795 1176183 23/02/2023 23/02/2023 Libro impreso antiguo